Tv shows by Description - Statistics

General Stats
  • This quiz has been taken 30 times
  • The average score is 6 of 9
Answer Stats
Hint Answer % Correct
Bar owners in Boston Cheers
85%
Italian mobsters in New Jersey The Sopranos
85%
People get mad at Larry David a lot Curb Your Enthusiasm
73%
The spin-off of the last answer Frasier
69%
Bar owners in Philly Its Always Sunny in Philadelphia
69%
An American managing a British football team Ted Lasso
50%
Spin-off of "Family Guy" The Cleveland Show
46%
Comedy set in the capital of Georgia (the state) Atlanta
42%
Black comedy based on the Coen Brothers movie of the same name Fargo
38%
No matching quizzes found
Score Distribution
Percent of People with Each Score
Percentile by Number Answered
Your Score History
You have not taken this quiz